[Event "Andorra open"]
[Site "Escaldes"]
[Date "2022.07.28"]
[Round "6.18"]
[White "Morros Faura, Ricard"]
[Black "Laurent-Paoli, Pierre"]
[Result "0-1"]
[WhiteElo "2202"]
[BlackElo "2481"]
[PlyCount "136"]
[EventDate "2022.07.24"]
[EventCountry "AND"]

1. e4 c5 2. Nf3 d6 3. d4 cxd4 4. Nxd4 Nf6 5. Nc3 a6 6. h3 e5 7. Nde2 h5 8. g3
Be7 9. Bg2 b5 10. Bg5 Be6 11. Bxf6 Bxf6 12. Nd5 Nd7 13. O-O h4 14. g4 Bg5 15.
a4 bxa4 16. Nec3 Nb6 17. Nxa4 Nxd5 18. exd5 Bc8 19. b4 Rb8 20. Rb1 O-O 21. Nc3
Bf4 22. Ne4 g6 23. Kh1 a5 24. bxa5 Rxb1 25. Qxb1 f5 26. gxf5 gxf5 27. Nc3 Qxa5
28. Nb5 Rf6 29. Rg1 Kf8 30. c4 Qb6 31. Qa2 Rf7 32. Qa8 Qb7 33. Qxb7 Rxb7 34.
Nxd6 Rc7 35. Nxc8 Rxc8 36. Bf1 Kf7 37. Be2 e4 38. Rd1 Bd6 39. Kg2 Kf6 40. Rc1
Ke5 41. Bd1 Bc5 42. Rc2 Rg8+ 43. Kf1 f4 44. Bg4 f3 45. d6 Rb8 46. Rc1 Rb2 47.
d7 Rxf2+ 48. Ke1 Re2+ 49. Kd1 Bb6 50. Rb1 Bc7 51. Rb8 Kd4 52. d8=Q+ Bxd8 53.
Rxd8+ Ke3 54. c5 Ra2 55. c6 f2 56. Rf8 Ra5 57. Bd7 Rd5+ 58. Kc2 Ke2 59. Kb3 Rc5
60. Kb4 Rc1 61. Kb5 f1=Q 62. Rxf1 Kxf1 63. Kb6 e3 64. c7 e2 65. Bb5 Kf2 66. Bc6
Rxc6+ 67. Kxc6 e1=Q 68. c8=Q Qc3+ 0-1

[Event "Andorra open"]
[Site "Escaldes"]
[Date "2022.07.28"]
[Round "6.19"]
[White "Adla, Diego"]
[Black "Glimbrant, Torbjorn"]
[Result "1-0"]
[WhiteElo "2407"]
[BlackElo "2206"]
[PlyCount "109"]
[EventDate "2022.07.24"]
[EventCountry "AND"]

1. e4 e6 2. d4 d5 3. Nd2 c5 4. Ngf3 Nc6 5. exd5 exd5 6. Bb5 Bd6 7. dxc5 Bxc5 8.
O-O Nge7 9. Nb3 Qd6 10. c3 O-O 11. Bd3 h6 12. Bf4 Nf5 13. Bc2 Qf6 14. Qd3 Rd8
15. Rfe1 g6 16. Bd2 Bf8 17. Rad1 Nh4 18. Nxh4 Qxh4 19. Qf3 Bg7 20. Qf4 Qxf4 21.
Bxf4 d4 22. Bc7 Rd7 23. Re8+ Kh7 24. Bg3 b6 25. Nxd4 Nxd4 26. cxd4 Bb7 27. Rxa8
Bxa8 28. Be5 Bd5 29. b3 Re7 30. Bxg7 Kxg7 31. Bd3 Kf6 32. f3 Rc7 33. Kf2 a5 34.
Ke3 Ke6 35. Kd2 Kd6 36. Re1 a4 37. Bc2 axb3 38. axb3 Ra7 39. h4 Ra3 40. Kc3 Ra8
41. Kb2 Rg8 42. Bd3 g5 43. hxg5 hxg5 44. Re5 g4 45. Bc4 Bxc4 46. bxc4 gxf3 47.
gxf3 Rg2+ 48. Kc3 Rf2 49. Rf5 Ke6 50. Rb5 Rxf3+ 51. Kb4 f5 52. Rxb6+ Ke7 53. d5
Re3 54. c5 f4 55. Rb7+ 1-0

[Event "Andorra open"]
[Site "Escaldes"]
[Date "2022.07.28"]
[Round "6.20"]
[White "Jolly, Jean-Francois"]
[Black "Lopez Mijail, Nicolas"]
[Result "1-0"]
[WhiteElo "2388"]
[BlackElo "2142"]
[PlyCount "73"]
[EventDate "2022.07.24"]
[EventCountry "AND"]

1. e4 c5 2. Nf3 e6 3. d4 cxd4 4. Nxd4 Bc5 5. Nb3 Bb6 6. Nc3 Ne7 7. Bg5 O-O 8.
Bd3 Nbc6 9. Qe2 f6 10. Bh4 Ng6 11. Bg3 f5 12. Bd6 fxe4 13. Nxe4 Nce5 14. g3
Nf3+ 15. Kf1 Rf7 16. Nbd2 Nd4 17. Qh5 Nf5 18. Nc4 Nxd6 19. Ncxd6 Rxf2+ 20. Nxf2
Qf8 21. Nde4 d5 22. Kg2 dxe4 23. Nxe4 Bd7 24. Rhf1 Qb4 25. Ng5 Qd2+ 26. Kh3 e5+
27. Bf5 h6 28. Qxg6 Bxf5+ 29. Rxf5 hxg5 30. Qf7+ Kh7 31. Qh5+ Kg8 32. Rd1 Qxc2
33. Qf7+ Kh7 34. Rd7 g4+ 35. Kxg4 Qe2+ 36. Kh3 Rg8 37. Rh5+ 1-0

[Event "Andorra open"]
[Site "Escaldes"]
[Date "2022.07.29"]
[Round "7.1"]
[White "Lopez Martinez, Josep Manuel"]
[Black "Rathanvel, V S."]
[Result "1/2-1/2"]
[WhiteElo "2486"]
[BlackElo "2478"]
[PlyCount "82"]
[EventDate "2022.07.24"]
[EventCountry "AND"]

1. c4 e6 2. Nf3 Nf6 3. e3 g6 4. d4 d5 5. Nc3 Bg7 6. cxd5 exd5 7. Be2 O-O 8. O-O
Qe7 9. Bd2 Nbd7 10. b4 c6 11. b5 c5 12. a4 Rd8 13. a5 Nf8 14. Na4 cxd4 15. Nxd4
Ne4 16. Bc1 Bd7 17. Ba3 Qe8 18. Bb2 Rac8 19. Rb1 Qe7 20. Qe1 Ne6 21. Nxe6 fxe6
22. Bxg7 Qxg7 23. Qb4 Nc3 24. Nxc3 Qxc3 25. Qe7 Qc5 26. Qg5 b6 27. axb6 axb6
28. h4 Qf8 29. h5 Qf5 30. Qg3 e5 31. hxg6 hxg6 32. Rb4 Qf6 33. Bg4 d4 34. exd4
exd4 35. Rd1 Rc3 36. f3 d3 37. Bxd7 Rxd7 38. Qg4 Qf5 39. Qxf5 gxf5 40. Kf1 Rd5
41. Rb2 Kf7 1/2-1/2

[Event "Andorra open"]
[Site "Escaldes"]
[Date "2022.07.29"]
[Round "7.2"]
[White "Zoler, Dan"]
[Black "Aronyak, Ghosh"]
[Result "1/2-1/2"]
[WhiteElo "2449"]
[BlackElo "2486"]
[PlyCount "84"]
[EventDate "2022.07.24"]
[EventCountry "AND"]

1. d4 d5 2. c4 dxc4 3. e4 Nf6 4. e5 Nd5 5. Bxc4 Nb6 6. Bd3 Nc6 7. Ne2 Be6 8.
Nbc3 Qd7 9. Ne4 Bd5 10. O-O e6 11. Be3 Nb4 12. Bb1 Bc6 13. a3 N4d5 14. b4 f5
15. Nc5 Bxc5 16. bxc5 Nxe3 17. fxe3 Nd5 18. Qd2 O-O 19. Bd3 Rad8 20. Rab1 h6
21. a4 a6 22. Bc4 Bxa4 23. Bxd5 Qxd5 24. Nc3 Qc6 25. Nxa4 Qxa4 26. Rxb7 f4 27.
Rb4 fxe3 28. Rxa4 exd2 29. Rd1 Rb8 30. Ra2 a5 31. h3 Rb4 32. Rdxd2 a4 33. d5
exd5 34. Rxd5 Re4 35. Rd7 c6 36. Rc7 Rxe5 37. Rxa4 Rxc5 38. Raa7 Rg5 39. Rxc6
Rgf5 40. Rcc7 R5f7 41. Rxf7 Rxf7 42. Rxf7 Kxf7 1/2-1/2

[Event "Andorra open"]
[Site "Escaldes"]
[Date "2022.07.29"]
[Round "7.3"]
[White "Boyer, Mahel"]
[Black "Kobo, Ori"]
[Result "0-1"]
[WhiteElo "2439"]
[BlackElo "2534"]
[PlyCount "70"]
[EventDate "2022.07.24"]
[EventCountry "AND"]

1. d4 Nf6 2. c4 e6 3. Nf3 b6 4. g3 Bb7 5. Bg2 Bb4+ 6. Bd2 c5 7. a3 Bxd2+ 8.
Nbxd2 O-O 9. O-O d6 10. b4 Nbd7 11. Qb3 Qc7 12. Rfe1 Rac8 13. Rad1 Rfe8 14.
dxc5 dxc5 15. b5 e5 16. e4 Nf8 17. Qc3 Rcd8 18. a4 Nxe4 19. Nxe4 Rxd1 20. Rxd1
Bxe4 21. Re1 f5 22. Nh4 Bxg2 23. Nxg2 e4 24. Ne3 Qf7 25. Nd5 Ne6 26. Kg2 Nd4
27. Rd1 Qh5 28. Rxd4 Qf3+ 29. Qxf3 exf3+ 30. Kxf3 cxd4 31. Nb4 g5 32. Nd3 Kf7
33. c5 g4+ 34. Kf4 Kf6 35. f3 Re3 0-1

[Event "Andorra open"]
[Site "Escaldes"]
[Date "2022.07.29"]
[Round "7.4"]
[White "Iniyan, P."]
[Black "Vestby-Ellingsen, Mads"]
[Result "1-0"]
[WhiteElo "2533"]
[BlackElo "2351"]
[PlyCount "86"]
[EventDate "2022.07.24"]
[EventCountry "AND"]

1. d4 Nf6 2. c4 e6 3. Nc3 Bb4 4. e3 O-O 5. Bd2 d5 6. Nf3 c5 7. a3 Bxc3 8. Bxc3
Ne4 9. Rc1 Nxc3 10. Rxc3 cxd4 11. Nxd4 dxc4 12. Bxc4 Bd7 13. O-O Nc6 14. Nf3
Qe7 15. Qc2 Rfd8 16. Ba2 Be8 17. Bb1 g6 18. b4 a6 19. Nd2 f5 20. Ba2 Bf7 21.
Nf3 e5 22. Bxf7+ Kxf7 23. e4 f4 24. Rc5 Kf6 25. Rd5 Nd4 26. Nxd4 exd4 27. Rc5
Kg7 28. Rd1 Rd7 29. f3 Rad8 30. Rd3 Qe6 31. a4 Qf7 32. h3 Qe6 33. a5 Qf7 34. b5
axb5 35. Rxb5 Rc7 36. Rc5 Rdc8 37. Rxc7 Qxc7 38. Qxc7+ Rxc7 39. Rxd4 Kf6 40.
Rd5 Rc1+ 41. Kh2 Ra1 42. Rb5 g5 43. Rb6+ Kf7 1-0

[Event "Andorra open"]
[Site "Escaldes"]
[Date "2022.07.29"]
[Round "7.5"]
[White "Sokolovsky, Yahli"]
[Black "Neugebauer, Martin"]
[Result "1/2-1/2"]
[WhiteElo "2386"]
[BlackElo "2528"]
[PlyCount "98"]
[EventDate "2022.07.24"]
[EventCountry "AND"]

1. e4 c5 2. Nf3 d6 3. d4 cxd4 4. Nxd4 Nf6 5. Nc3 a6 6. h3 e5 7. Nf3 Be7 8. g4
Be6 9. Ng5 O-O 10. Nxe6 fxe6 11. g5 Ne8 12. Qg4 Nc6 13. Be3 Nc7 14. Bc4 Nd4 15.
O-O-O b5 16. Bxd4 Bxg5+ 17. Be3 Bxe3+ 18. fxe3 bxc4 19. Qe2 Rc8 20. Qxc4 Nd5
21. Qxa6 Nxc3 22. bxc3 Ra8 23. Qxd6 Qa5 24. Qxe6+ Kh8 25. Rhf1 Rfe8 26. Qf7 Qc5
27. Kd2 Rf8 28. Qb3 Rfb8 29. Qf7 Ra3 30. Ke2 Rxc3 31. Rd3 Rxc2+ 32. Kf3 h6 33.
Rg1 Qf8 34. Rd7 Qxf7+ 35. Rxf7 Rbb2 36. Re7 Rxa2 37. Rxe5 Rf2+ 38. Kg3 Rf6 39.
Rd1 Rg6+ 40. Kf3 Rh2 41. Rh5 Rf6+ 42. Kg3 Re2 43. Rf5 Rg6+ 44. Kf4 Rh2 45. Rh5
Kh7 46. e5 Ra6 47. Kg3 Re2 48. Kf3 Rh2 49. Kg3 Re2 1/2-1/2

[Event "Andorra open"]
[Site "Escaldes"]
[Date "2022.07.29"]
[Round "7.6"]
[White "Asis Gargatagli, Hipolito"]
[Black "Girel, Joseph"]
[Result "1/2-1/2"]
[WhiteElo "2514"]
[BlackElo "2414"]
[PlyCount "42"]
[EventDate "2022.07.24"]
[EventCountry "AND"]

1. e4 e5 2. Nf3 Nc6 3. Bc4 Bc5 4. c3 Nf6 5. d3 O-O 6. Bg5 h6 7. Bh4 Be7 8. Nbd2
d6 9. a4 Nh5 10. Bg3 Nxg3 11. fxg3 Kh8 12. O-O f5 13. Qe2 Qe8 14. Rf2 f4 15.
gxf4 Rxf4 16. Nf1 Bg4 17. Ne3 Bh4 18. Rff1 Bxf3 19. Rxf3 Rxf3 20. Qxf3 Qf8 21.
Qxf8+ Rxf8 1/2-1/2

[Event "Andorra open"]
[Site "Escaldes"]
[Date "2022.07.29"]
[Round "7.7"]
[White "Katz, Alexander"]
[Black "Solodovnichenko, Yuri"]
[Result "0-1"]
[WhiteElo "2402"]
[BlackElo "2497"]
[PlyCount "196"]
[EventDate "2022.07.24"]
[EventCountry "AND"]

1. e4 c5 2. Nf3 d6 3. Bb5+ Nd7 4. O-O Ngf6 5. Re1 a6 6. Bf1 b6 7. c3 Bb7 8. d3
e6 9. Nbd2 Qc7 10. d4 cxd4 11. cxd4 Rc8 12. Bd3 Be7 13. Qe2 a5 14. Nf1 O-O 15.
Ng3 Rfe8 16. Bd2 Bf8 17. a3 Qb8 18. b4 Qa8 19. bxa5 bxa5 20. Rab1 Bc6 21. Rec1
g6 22. Qe1 a4 23. Bb4 Nb8 24. Qe2 Bb7 25. Bb5 Ba6 26. e5 Nd5 27. Bxd6 Nc3 28.
Rxc3 Rxc3 29. Bxa6 Qxa6 30. Qxa6 Nxa6 31. Ne4 Rb3 32. Rxb3 axb3 33. Nfd2 Rd8
34. Nxb3 Bxd6 35. Nxd6 Rb8 36. Nd2 Rb2 37. N6c4 Ra2 38. Kf1 Nc7 39. Ke2 Nb5 40.
Kd3 Nxa3 41. Nxa3 Rxa3+ 42. Ke4 g5 43. h3 Kg7 44. Nf1 Ra2 45. Ke3 Ra3+ 46. Ke2
Ra2+ 47. Ke3 h6 48. Ng3 Ra3+ 49. Ke2 f5 50. exf6+ Kxf6 51. Ne4+ Kf5 52. Nd6+
Kg6 53. Nc4 Ra4 54. Ne5+ Kf5 55. Nf7 h5 56. Nd6+ Kg6 57. Ke3 Ra6 58. Nc4 Kf5
59. Kf3 Ra2 60. Nd6+ Kg6 61. Ke3 h4 62. Nc4 Rc2 63. Nd6 Rc6 64. Ne4 Rb6 65. Nc5
Rb8 66. g4 hxg3 67. fxg3 Rb1 68. g4 Kf6 69. Ne4+ Kg6 70. Nf2 Rb3+ 71. Ke2 Rg3
72. Kd2 Rf3 73. Ke2 Ra3 74. Kd2 Kf7 75. Ne4 Ra5 76. Kc3 Rd5 77. Kd3 Ra5 78. Kc3
Kg6 79. Kd3 Ra3+ 80. Nc3 Rb3 81. Kc2 Rb8 82. Ne4 Rh8 83. Nf2 Rf8 84. Nd3 Rh8
85. Nf2 Rd8 86. Kc3 Rf8 87. Nd3 Rf3 88. Kc4 Rxh3 89. Ne5+ Kf6 90. Kc5 Ra3 91.
Nc6 Re3 92. d5 exd5 93. Kxd5 Re1 94. Kd4 Rg1 95. Ne5 Ke6 96. Nf3 Rxg4+ 97. Ke3
Kf5 98. Kf2 Ra4 0-1

[Event "Andorra open"]
[Site "Escaldes"]
[Date "2022.07.29"]
[Round "7.8"]
[White "Alonso Garcia, Aaron"]
[Black "Kogan, Arthur"]
[Result "1/2-1/2"]
[WhiteElo "2374"]
[BlackElo "2476"]
[PlyCount "33"]
[EventDate "2022.07.24"]
[EventCountry "AND"]

1. e4 c5 2. Nf3 Nc6 3. d4 cxd4 4. Nxd4 e6 5. Nc3 Nf6 6. Nxc6 bxc6 7. e5 Nd5 8.
Ne4 Qa5+ 9. Bd2 Qc7 10. f4 Qb6 11. Bd3 Bb7 12. c4 Nb4 13. Bb1 a5 14. Qe2 a4 15.
Be3 Qa5 16. O-O Ba6 17. Rd1 1/2-1/2

[Event "Andorra open"]
[Site "Escaldes"]
[Date "2022.07.29"]
[Round "7.9"]
[White "Gatineau, Yovann"]
[Black "Holm, Kristian Stuvik"]
[Result "1/2-1/2"]
[WhiteElo "2368"]
[BlackElo "2463"]
[PlyCount "54"]
[EventDate "2022.07.24"]
[EventCountry "AND"]

1. e4 e6 2. d4 d5 3. Nc3 Bb4 4. Nge2 Nf6 5. Bg5 dxe4 6. a3 Be7 7. Bxf6 gxf6 8.
Nxe4 b6 9. g3 f5 10. N4c3 c6 11. Bg2 Bb7 12. Qd3 Nd7 13. O-O-O Qc7 14. Kb1
O-O-O 15. Qe3 Nf6 16. Nf4 Kb8 17. Rhe1 Rd7 18. h3 Rhd8 19. Bf3 Bf8 20. Nfe2 Ne8
21. g4 Nd6 22. Qd3 Bg7 23. Ng3 Ne4 24. Ncxe4 Rxd4 25. Qe2 fxe4 26. Bxe4 h6 27.
Nh5 Rxd1+ 1/2-1/2

[Event "Andorra open"]
[Site "Escaldes"]
[Date "2022.07.29"]
[Round "7.10"]
[White "Narciso Dublan, Marc"]
[Black "Almagro Llamas, Pablo"]
[Result "0-1"]
[WhiteElo "2461"]
[BlackElo "2394"]
[PlyCount "58"]
[EventDate "2022.07.24"]
[EventCountry "AND"]

1. e4 c5 2. d3 Nc6 3. f4 g6 4. Nf3 Bg7 5. c3 d6 6. g3 e5 7. Bg2 Nge7 8. O-O O-O
9. Na3 d5 10. exd5 Nxd5 11. Nxe5 Nxe5 12. fxe5 Bxe5 13. Nc4 Bg7 14. Qb3 Be6 15.
Qxb7 Rb8 16. Qxa7 Nxc3 17. bxc3 Bxc3 18. Bh6 Bxa1 19. Bxf8 Qd4+ 20. Kh1 Rxf8
21. Na5 Bd5 22. Nb3 Bxg2+ 23. Kxg2 Qd5+ 24. Kh3 Ra8 25. Qxc5 Qd7+ 26. Kh4 Ra4+
27. d4 Bxd4 28. Nxd4 Rxd4+ 29. Rf4 Rd5 0-1

[Event "Andorra open"]
[Site "Escaldes"]
[Date "2022.07.29"]
[Round "7.11"]
[White "Bilych, Olexiy"]
[Black "Cuartas, Jaime Alexander"]
[Result "0-1"]
[WhiteElo "2365"]
[BlackElo "2513"]
[PlyCount "116"]
[EventDate "2022.07.24"]
[EventCountry "AND"]

1. e4 c6 2. d4 d5 3. e5 c5 4. dxc5 Nc6 5. Bb5 e6 6. Be3 Bd7 7. Bxc6 Bxc6 8. Nf3
Ne7 9. Bd4 Nf5 10. c3 Nxd4 11. Qxd4 Qc7 12. Qe3 Bd7 13. b4 Be7 14. O-O O-O 15.
Nbd2 b6 16. c6 Bxc6 17. a4 Rfc8 18. Rfc1 Bd7 19. Nd4 Qd8 20. Rc2 Rc7 21. f4
Rac8 22. Qd3 Qe8 23. b5 a6 24. bxa6 Bxa4 25. Rcc1 b5 26. f5 Bc5 27. Kh1 Bxd4
28. Qxd4 exf5 29. Qxd5 Ra8 30. Nf3 Rxa6 31. Nd4 g6 32. Re1 Qd7 33. Qf3 Qc8 34.
Re3 b4 35. cxb4 Bc6 36. Qd1 Bf3 37. Nxf3 Rxa1 38. Qxa1 Rc1+ 39. Qxc1 Qxc1+ 40.
Re1 Qb2 41. e6 fxe6 42. Rxe6 g5 43. h3 g4 44. hxg4 fxg4 45. Ng1 Qxb4 46. Re5
Qf4 47. Rh5 Qd2 48. Rh4 Qg5 49. Rh2 Qd5 50. Rh4 h5 51. Ne2 Qe5 52. Ng1 Kg7 53.
g3 Qd5+ 54. Kh2 Kg6 55. Nh3 Qd2+ 56. Kh1 gxh3 57. Rxh3 Qf2 58. g4 Qf1+ 0-1

[Event "Andorra open"]
[Site "Escaldes"]
[Date "2022.07.29"]
[Round "7.12"]
[White "Laurent-Paoli, Pierre"]
[Black "Macak, Stefan"]
[Result "0-1"]
[WhiteElo "2481"]
[BlackElo "2363"]
[PlyCount "142"]
[EventDate "2022.07.24"]
[EventCountry "AND"]

1. e4 e6 2. d4 d5 3. Nc3 Bb4 4. e5 c5 5. a3 Bxc3+ 6. bxc3 Qa5 7. Bd2 Qa4 8. Qg4
Kf8 9. h4 Ne7 10. h5 h6 11. Qd1 b6 12. Nf3 Ba6 13. Bxa6 Nxa6 14. Rh4 c4 15. Rf4
Nb8 16. Nh4 Ke8 17. Qf3 Rf8 18. Ng6 Nxg6 19. hxg6 Qd7 20. a4 Qe7 21. gxf7+ Rxf7
22. Qh5 Nc6 23. Bc1 Nd8 24. Ba3 Qg5 25. Qxg5 hxg5 26. Rg4 Rf5 27. Ke2 Nf7 28.
Bc1 Kd7 29. Be3 Rh8 30. Rg3 Rh4 31. Rg1 Kc6 32. Rh3 Rxh3 33. gxh3 a5 34. Bc1 g6
35. Bd2 Kd7 36. Rg4 Ke7 37. Bc1 Kd7 38. Be3 Ke7 39. Rg1 Kd7 40. Bd2 Kc6 41. f3
Kd7 42. Kf2 Kd8 43. Bc1 Kd7 44. Ba3 Rf4 45. Kg2 Rh4 46. Rb1 Kc6 47. Be7 Rh5 48.
Kh2 Rh4 49. Rg1 Rf4 50. Kg3 Kd7 51. Bf6 Rf5 52. Kf2 Kc6 53. Ke2 Kd7 54. Ke3 Kc6
55. Kf2 Kd7 56. Rg4 Kc6 57. h4 Rf4 58. Rxf4 gxf4 59. Bg7 b5 60. axb5+ Kxb5 61.
Kg2 a4 62. Bf8 Nh6 63. Kh3 Kc6 64. Ba3 Kd7 65. Bc1 Ke8 66. Bxf4 a3 67. Bc1 a2
68. Bb2 Ke7 69. Kg3 Nf5+ 70. Kg4 Kf7 71. f4 Ne3+ 0-1

[Event "Andorra open"]
[Site "Escaldes"]
[Date "2022.07.29"]
[Round "7.13"]
[White "Prado Lobo, Jonas"]
[Black "Cruz Lledo, Pablo"]
[Result "0-1"]
[WhiteElo "2296"]
[BlackElo "2433"]
[PlyCount "62"]
[EventDate "2022.07.24"]
[EventCountry "AND"]

1. c4 e6 2. Nf3 d5 3. e3 Nf6 4. b3 Be7 5. Bb2 O-O 6. d4 Nbd7 7. Nbd2 c5 8. dxc5
Nxc5 9. Be2 b6 10. O-O Bb7 11. Ne5 Nfe4 12. cxd5 exd5 13. Ndf3 Bf6 14. Rc1 Qd6
15. Bd4 Ne6 16. Bb5 Rfc8 17. Qd3 a6 18. Rxc8+ Rxc8 19. Bd7 N6c5 20. Bxc5 Nxc5
21. Qf5 Rd8 22. Nxf7 Kxf7 23. Qh5+ Kg8 24. Bf5 g6 25. Qg4 Bg7 26. Bb1 Ne4 27.
Rc1 Qf6 28. Bxe4 dxe4 29. Nd4 Qd6 30. h4 Bxd4 31. exd4 Qd7 0-1

[Event "Andorra open"]
[Site "Escaldes"]
[Date "2022.07.29"]
[Round "7.14"]
[White "Moral Garcia, Serafin"]
[Black "Adla, Diego"]
[Result "1/2-1/2"]
[WhiteElo "2237"]
[BlackElo "2407"]
[PlyCount "127"]
[EventDate "2022.07.24"]
[EventCountry "AND"]

1. e4 c5 2. Nf3 e6 3. c3 Nf6 4. e5 Nd5 5. Bc4 d6 6. d4 cxd4 7. cxd4 Be7 8. O-O
O-O 9. exd6 Qxd6 10. Nc3 Nxc3 11. bxc3 b6 12. Re1 Nd7 13. Bd3 Bb7 14. Bc2 Rac8
15. Qd3 g6 16. Bh6 Rfd8 17. Bb3 Bf6 18. Qe3 Bd5 19. Ne5 Bxb3 20. axb3 a5 21.
Bf4 Qe7 22. Ng4 Bg7 23. Bg5 f6 24. Bh6 Bxh6 25. Nxh6+ Kg7 26. Ng4 f5 27. Ne5
Nxe5 28. Qxe5+ Qf6 29. Qe3 Rd6 30. Rad1 Rcd8 31. Rd3 b5 32. Ra1 b4 33. Rxa5
bxc3 34. Rxc3 Qxd4 35. Ra7+ Kf6 36. Qxd4+ Rxd4 37. g3 Rd1+ 38. Kg2 h6 39. h4
Rb1 40. Ra6 Rd5 41. Re3 Re5 42. Rxe5 Kxe5 43. Rb6 g5 44. hxg5 hxg5 45. Kf3 Re1
46. Rb5+ Kd4 47. g4 fxg4+ 48. Kxg4 Rg1+ 49. Kf3 g4+ 50. Ke2 g3 51. fxg3 Rxg3
52. Rb4+ Kd5 53. Rb5+ Ke4 54. Rb4+ Kf5 55. Kd2 e5 56. Ke2 Rh3 57. Kf2 e4 58.
Rb8 Kf4 59. Rf8+ Ke5 60. Re8+ Kd5 61. Rd8+ Ke5 62. Re8+ Kd4 63. Rd8+ Ke5 64.
Re8+ 1/2-1/2

[Event "Andorra open"]
[Site "Escaldes"]
[Date "2022.07.29"]
[Round "7.15"]
[White "Aaron, Deepak"]
[Black "Glavina, Pablo"]
[Result "1/2-1/2"]
[WhiteElo "2221"]
[BlackElo "2394"]
[PlyCount "150"]
[EventDate "2022.07.24"]
[EventCountry "AND"]

1. c4 e6 2. Nc3 b6 3. e3 c5 4. Nf3 Bb7 5. d4 Nf6 6. Be2 d6 7. O-O Nbd7 8. Qc2
Be7 9. Rd1 a6 10. b3 O-O 11. Bb2 cxd4 12. Rxd4 Qc7 13. Rad1 Rfd8 14. Rh4 Nf8
15. Rh3 Ng6 16. Bd3 e5 17. Bf5 b5 18. cxb5 axb5 19. a3 d5 20. Nxb5 Qxc2 21.
Bxc2 Bc8 22. Rg3 e4 23. Nfd4 Ra6 24. Nc7 Rb6 25. Ndb5 Rc6 26. Bb1 Kf8 27. Rg5
h6 28. Rgxd5 Nxd5 29. Rxd5 Rc5 30. Rxd8+ Bxd8 31. b4 Rxc7 32. Nxc7 Bxc7 33.
Bxe4 Be5 34. Bc1 Bd7 35. Bd3 Ba4 36. f4 Bc3 37. Kf2 Ke7 38. e4 Nf8 39. g4 f6
40. b5 Nd7 41. Ke3 Kd6 42. h4 Kc5 43. h5 Bd1 44. Be2 Bd4+ 45. Kf3 Bxe2+ 46.
Kxe2 Kxb5 47. g5 Bc5 48. gxh6 gxh6 49. Kf3 f5 50. Bb2 Bf8 51. exf5 Kc4 52. f6
Kd5 53. f5 Nb6 54. f7 Nc4 55. Bh8 Nd6 56. a4 Nxf7 57. Bb2 Bb4 58. Bg7 Bd2 59.
Ke2 Ba5 60. Ke3 Bd8 61. Bc3 Nd6 62. Kf4 Bg5+ 63. Kg4 Kc4 64. Be1 Ne4 65. Bh4
Nf6+ 66. Kh3 Bxh4 67. Kxh4 Kb4 68. Kg3 Nxh5+ 69. Kg4 Nf6+ 70. Kf4 Kxa4 71. Ke5
Ng4+ 72. Kf4 Nf6 73. Ke5 Nh7 74. f6 h5 75. f7 Kb5 1/2-1/2

[Event "Andorra open"]
[Site "Escaldes"]
[Date "2022.07.29"]
[Round "7.16"]
[White "Defromont, Benjamin"]
[Black "Jolly, Jean-Francois"]
[Result "1-0"]
[WhiteElo "2268"]
[BlackElo "2388"]
[PlyCount "91"]
[EventDate "2022.07.24"]
[EventCountry "AND"]

1. e4 c5 2. Nf3 Nc6 3. Bb5 g6 4. Bxc6 dxc6 5. d3 Bg7 6. h3 Nf6 7. Nc3 O-O 8.
Be3 b6 9. Qd2 e5 10. Bh6 Qd6 11. O-O Nh5 12. Ne2 f6 13. b3 a5 14. a4 Ra7 15.
Qe3 Bxh6 16. Qxh6 Rg7 17. Nd2 Nf4 18. Nxf4 exf4 19. Rfe1 Qc7 20. Nf3 g5 21. e5
Rg6 22. Qh5 g4 23. exf6 Rgxf6 24. hxg4 Qg7 25. g5 Qg6 26. Qh4 Re6 27. Rxe6 Bxe6
28. Re1 Rf5 29. Re4 Bd5 30. Rxf4 Bxf3 31. Rxf3 Rxg5 32. Qxg5 Qxg5 33. Rg3 Qxg3
34. fxg3 b5 35. Kf2 b4 36. Ke3 Kf7 37. d4 Ke6 38. Ke4 cxd4 39. Kxd4 Kd6 40. Kc4
h6 41. Kd4 h5 42. Kc4 Kd7 43. Kd3 c5 44. Kc4 Kc6 45. g4 hxg4 46. g3 1-0

[Event "Andorra open"]
[Site "Escaldes"]
[Date "2022.07.29"]
[Round "7.17"]
[White "Arpan, Das (Jr)"]
[Black "Rojas Keim, Luis"]
[Result "1/2-1/2"]
[WhiteElo "2178"]
[BlackElo "2375"]
[PlyCount "69"]
[EventDate "2022.07.24"]
[EventCountry "AND"]

1. e4 e6 2. d4 d5 3. Nd2 Be7 4. Ngf3 Nf6 5. e5 Nfd7 6. Bd3 c5 7. c3 Nc6 8. O-O
g5 9. dxc5 Ndxe5 10. Bb5 Ng6 11. b4 e5 12. Nb3 O-O 13. Re1 Bf6 14. Bxc6 bxc6
15. Na5 Bd7 16. c4 g4 17. Nd2 e4 18. Rb1 Ne5 19. Bb2 Nd3 20. Bxf6 Qxf6 21. Rf1
Rfe8 22. Rb3 Re5 23. Qe2 Nf4 24. Qd1 d4 25. Re1 Rae8 26. Nf1 d3 27. Nb7 h5 28.
Nd6 R8e6 29. Ra3 Rxd6 30. cxd6 Qxd6 31. Rxa7 Be6 32. Qd2 Ne2+ 33. Rxe2 Qb8 34.
Ra5 dxe2 35. Qxe2 1/2-1/2

[Event "Andorra open"]
[Site "Escaldes"]
[Date "2022.07.29"]
[Round "7.18"]
[White "Ajay Krishna, S."]
[Black "Anustoop, Biswas"]
[Result "0-1"]
[WhiteElo "2372"]
[BlackElo "2175"]
[PlyCount "70"]
[EventDate "2022.07.24"]
[EventCountry "AND"]

1. c4 c6 2. e4 d5 3. exd5 cxd5 4. cxd5 Nf6 5. Qa4+ Nbd7 6. Nc3 g6 7. Bc4 Bg7 8.
d3 O-O 9. Nf3 a6 10. Qa3 b6 11. O-O Bb7 12. Re1 Re8 13. Be3 b5 14. Bb3 Bf8 15.
Qb4 e6 16. Qf4 exd5 17. Bd4 Rxe1+ 18. Rxe1 Bg7 19. Ng5 Nf8 20. Bc5 Rc8 21. Bd6
Qd7 22. Be5 Ne6 23. Qh4 Nxg5 24. Qxg5 Re8 25. Re2 d4 26. Nd1 Qg4 27. Qxg4 Nxg4
28. f4 Nxe5 29. fxe5 Bxe5 30. Kf2 Re7 31. g3 h5 32. a4 h4 33. gxh4 Kf8 34. axb5
axb5 35. Kg1 Bf3 0-1

[Event "Andorra open"]
[Site "Escaldes"]
[Date "2022.07.29"]
[Round "7.19"]
[White "Garriga Cazorla, Pere"]
[Black "Serra Pages, Jordi"]
[Result "1-0"]
[WhiteElo "2505"]
[BlackElo "2170"]
[PlyCount "99"]
[EventDate "2022.07.24"]
[EventCountry "AND"]

1. d4 Nf6 2. c4 g6 3. Nc3 d5 4. h4 h6 5. cxd5 Nxd5 6. e4 Nxc3 7. bxc3 Bg7 8.
Be3 c5 9. Bc4 Qa5 10. Bd2 Qc7 11. Rc1 Nc6 12. Ne2 e5 13. O-O exd4 14. cxd4 Nxd4
15. Nf4 b5 16. Nd5 Qd8 17. Bd3 O-O 18. Rxc5 Qxh4 19. Be3 Bg4 20. f3 Be5 21. Nf4
Bxf4 22. Bxf4 Ne6 23. g3 Qh3 24. Rc2 Nxf4 25. gxf4 Bh5 26. Rg2 Rad8 27. Qe2 Qh4
28. Qe3 Qf6 29. e5 Qb6 30. Qxb6 axb6 31. Be4 b4 32. f5 Rfe8 33. f4 Rd4 34. Bc2
Kh7 35. fxg6+ fxg6 36. f5 Rxe5 37. fxg6+ Kg7 38. Rf7+ Kg8 39. Bb3 Re3 40. Rf4+
Rxb3 41. Rxd4 Ra3 42. Rxb4 Ra6 43. Rh4 Bf3 44. Rg3 Bd5 45. Rxh6 b5 46. a3 Bc4
47. Rh5 Ra7 48. Rc5 Kg7 49. Kf2 Kh6 50. g7 1-0

[Event "Andorra open"]
[Site "Escaldes"]
[Date "2022.07.29"]
[Round "7.20"]
[White "Porras Mateo, Felipe"]
[Black "Barros, Raul Junior"]
[Result "1/2-1/2"]
[WhiteElo "2340"]
[BlackElo "2174"]
[PlyCount "102"]
[EventDate "2022.07.24"]
[EventCountry "AND"]

1. Nf3 Nf6 2. g3 b6 3. d4 e6 4. Bg2 Bb7 5. O-O Be7 6. c4 O-O 7. Re1 d5 8. Nc3
Na6 9. Ne5 c5 10. cxd5 exd5 11. Bf4 Nc7 12. dxc5 Bxc5 13. Nd3 Bd6 14. Qa4 Ne6
15. Rad1 Ne4 16. Nxe4 dxe4 17. Bxe4 b5 18. Bxh7+ Kxh7 19. Qxb5 Bxf4 20. Qxb7
Bh6 21. Ne5 Qb6 22. Qe4+ f5 23. Qb1 Qb5 24. Nf3 Rad8 25. b3 g6 26. h4 Bg7 27.
Rxd8 Rxd8 28. Qc1 Bf6 29. Qa3 Rd7 30. Qc1 Nd4 31. Nxd4 Bxd4 32. e3 Be5 33. Rd1
Rxd1+ 34. Qxd1 a5 35. h5 Qc6 36. hxg6+ Kxg6 37. Qd3 Qc1+ 38. Kg2 Qc6+ 39. Kg1
Qc1+ 40. Kg2 Qc6+ 41. Kg1 Qc1+ 42. Kh2 Qc6 43. a4 Qf3 44. Kg1 Bf6 45. Qb5 Qd1+
46. Kg2 Qd2 47. Qe8+ Kg7 48. Qe6 Qd3 49. Kh2 Qc2 50. Kg1 Qd1+ 51. Kh2 Qc2
1/2-1/2

[Event "Andorra open"]
[Site "Escaldes"]
[Date "2022.07.30"]
[Round "8.1"]
[White "Kobo, Ori"]
[Black "Rathanvel, V S."]
[Result "1/2-1/2"]
[WhiteElo "2534"]
[BlackElo "2478"]
[PlyCount "83"]
[EventDate "2022.07.24"]
[EventCountry "AND"]

1. e4 c5 2. Nc3 a6 3. Nge2 d6 4. g3 g6 5. Bg2 Bg7 6. O-O Nc6 7. d3 Nf6 8. Bg5
Rb8 9. Nd5 O-O 10. Qd2 Nxd5 11. exd5 Ne5 12. Rae1 Bh3 13. f4 Bxg2 14. Kxg2 Ng4
15. h3 Nf6 16. Nc3 Qd7 17. f5 gxf5 18. Bh6 Ne8 19. Qg5 e6 20. g4 Kh8 21. gxf5
exf5 22. Rxe8 Bxh6 23. Qxh6 Rfxe8 24. Qf6+ Kg8 25. Rxf5 Qd8 26. Rg5+ Kf8 27.
Qh6+ Ke7 28. Ne4 Rg8 29. Qf6+ Kf8 30. Qh6+ Ke7 31. Qf6+ Kf8 32. Rxg8+ Kxg8 33.
Qh6 f5 34. Qe6+ Kg7 35. Nxd6 Qg5+ 36. Kf3 Qh5+ 37. Kf2 Qh4+ 38. Kg2 Qg5+ 39.
Kf3 Qh5+ 40. Kf2 Qh4+ 41. Ke2 Qh5+ 42. Kf2 1/2-1/2